Animals and fruits Quiz Stats

 Plays Quiz not verified by Sporcle

Support Sporcle.
Go Orange.
Score 0/30 Timer 02:00
0 Plays Today
% Correct
???
96.8%
???
95.2%
???
95.2%
???
95.2%
???
93.7%
???
92.1%
???
92.1%
???
90.5%
???
90.5%
???
88.9%
???
88.9%
???
88.9%
???
88.9%
???
87.3%
???
87.3%
% Correct
???
85.7%
???
84.1%
???
84.1%
???
84.1%
???
84.1%
???
82.5%
???
81%
???
81%
???
81%
???
79.4%
???
77.8%
???
76.2%
???
76.2%
???
74.6%
???
74.6%

You're not logged in!

Compare scores with friends on all Sporcle quizzes.
OR
Log In

From the Vault

MLB Hits Leaders (2000s)

by sjcredsox985

It was a great decade for singles hitters.
Remove Ads.
Support Sporcle.
Get the best of Sporcle when you Go Orange. This ad-free experience offers more features, more stats, and more fun while also helping to support Sporcle. Thank you for becoming a member.

Show Comments

Extras

Created Feb 6, 2018ReportNominate
Tags:Animal Quiz, Food Quiz, fruit

Top Quizzes Today


Score Distribution

Your Account Isn't Verified!

In order to create a playlist on Sporcle, you need to verify the email address you used during registration. Go to your Sporcle Settings to finish the process.

Report this User

Report this user for behavior that violates our Community Guidelines.

Details: